[Event "COL-ch Superate B (Women)"]
[Site "Colombia"]
[Date "2015.10.15"]
[Round "3.6"]
[White "De la Rosa Povea, Roseli Marcela"]
[Black "Velasquez, Angie Gabriela"]
[Result "0-1"]
[WhiteElo "1606"]
[BlackElo "1749"]
[PlyCount "98"]
[EventDate "2015.10.15"]
[EventType "swiss (rapid)"]
[EventRounds "6"]
[EventCountry "COL"]
[SourceTitle "EXT 2024"]
[Source "ChessBase"]
[SourceDate "2023.10.10"]
[SourceVersion "1"]
[SourceVersionDate "2023.10.10"]
[SourceQuality "1"]

1. d4 d5 2. c4 Nc6 3. Nf3 Bg4 4. e3 e5 5. h3 Bxf3 6. Qxf3 exd4 7. exd4 Nf6 8. Be3 Be7 9. Nc3 dxc4 10. Bxc4 0-0 11. 0-0 Rb8 12. Rad1 Qc8 13. d5 Ne5 14. Qe2 Nxc4 15. Qxc4 Bd6 16. Bf4 Bxf4 17. Qxf4 a6 18. Rfe1 h6 19. Ne4 Nxe4 20. Rxe4 Qd7 21. Qe3 Rfe8 22. b3 Rxe4 23. Qxe4 Rd8 24. a4 Qd6 25. b4 c6 26. Re1 cxd5 27. Qd4 b5 28. Ra1 Rc8 29. axb5 axb5 30. Rb1 Rc4 31. Qd2 d4 32. Re1 Qxb4 33. Re8+ Kh7 34. Qd3+ g6 35. Qf3 Kg7 36. Qe4 Qd6 37. Re5 Rc1+ 38. Kh2 f6 39. Qb7+ Rc7 40. Qxb5 Qxe5+ 41. Qxe5 fxe5 42. g3 d3 43. Kg2 Rf7 44. f3 e4 45. f4 g5 46. Kf2 gxf4 47. gxf4 Rxf4+ 48. Ke3 Rf3+ 49. Kxe4 Rxh3 0-1

[Event "COL-ch Superate B (Women)"]
[Site "Colombia"]
[Date "2015.10.14"]
[Round "10.9"]
[White "Camacho Calderon, Katherine"]
[Black "De la Rosa Povea, Roseli Marcela"]
[Result "0-1"]
[WhiteElo "1631"]
[BlackElo "1606"]
[PlyCount "76"]
[EventDate "2015.10.14"]
[EventType "swiss (blitz)"]
[EventRounds "12"]
[EventCountry "COL"]
[SourceTitle "EXT 2024"]
[Source "ChessBase"]
[SourceDate "2023.10.10"]
[SourceVersion "1"]
[SourceVersionDate "2023.10.10"]
[SourceQuality "1"]

1. e4 c6 2. Nf3 d5 3. e5 Bf5 4. d3 e6 5. Be2 Nd7 6. d4 c5 7. c3 cxd4 8. cxd4 Ne7 9. 0-0 Bg6 10. Nc3 Nf5 11. h3 Bb4 12. g4 Ne7 13. Bd2 0-0 14. a3 Ba5 15. b4 Bb6 16. Rc1 Rc8 17. Nh2 Bxd4 18. Kh1 Bxe5 19. f4 Bd4 20. Qb3 Bxc3 21. Bxc3 Be4+ 22. Kg1 Qb6+ 23. Rf2 d4 24. Bd2 Rxc1+ 25. Bxc1 Nd5 26. Kf1 Rc8 27. Bd2 Rc2 28. Ke1 d3 29. Bxd3 Bxd3 30. Qxd3 Qc6 31. Ke2 N7b6 32. g5 Nc4 33. Kf3 Nxb4+ 34. Kg4 Nxd3 35. Kg3 Nxf2 36. Kxf2 Rxd2+ 37. Ke1 Qe4+ 38. Kf1 Qb1# 0-1

[Event "COL-ch Superate B (Women)"]
[Site "Colombia"]
[Date "2015.10.14"]
[Round "9.9"]
[White "De la Rosa Povea, Roseli Marcela"]
[Black "Camacho Calderon, Katherine"]
[Result "1-0"]
[WhiteElo "1606"]
[BlackElo "1631"]
[PlyCount "96"]
[EventDate "2015.10.14"]
[EventType "swiss (blitz)"]
[EventRounds "12"]
[EventCountry "COL"]
[SourceTitle "EXT 2024"]
[Source "ChessBase"]
[SourceDate "2023.10.10"]
[SourceVersion "1"]
[SourceVersionDate "2023.10.10"]
[SourceQuality "1"]

1. d4 d5 2. c4 Nf6 3. e3 Nc6 4. Nc3 e6 5. a3 Bd6 6. Nf3 0-0 7. Be2 Be7 8. b3 a6 9. Bb2 b5 10. c5 b4 11. axb4 Nxb4 12. 0-0 c6 13. Ra4 a5 14. Ba3 Bb7 15. Bxb4 axb4 16. Rxb4 Qc7 17. Qc2 Ng4 18. h3 Nf6 19. Ra4 Rab8 20. Rfa1 g6 21. b4 h5 22. b5 Nh7 23. Ra7 Ra8 24. b6 Qd7 25. Ne5 Qc8 26. Qb2 f6 27. Nf3 f5 28. Ne5 Kg7 29. Rxa8 Bxa8 30. Ba6 Qb8 31. Nd7 Qd8 32. Nxf8 Qxf8 33. b7 Bxb7 34. Qxb7 Qf7 35. Qxc6 Ng5 36. Qd7 Kh6 37. f4 Ne4 38. Nxe4 dxe4 39. Bc8 Qg7 40. Qxe6 Bf6 41. Ra6 Kh7 42. Qxf6 Qxf6 43. Rxf6 Kh6 44. c6 Kh7 45. Be6 Kg7 46. Rf7+ Kh6 47. c7 g5 48. c8Q Kg6 1-0

[Event "Bogota Superate Cat B Avanzado Girls"]
[Site "Bogota"]
[Date "2015.10.13"]
[Round "4.3"]
[White "Cardona Martinez, Lina Sofia"]
[Black "De la Rosa Povea, Roseli Marcela"]
[Result "1-0"]
[WhiteElo "1828"]
[BlackElo "1606"]
[PlyCount "99"]
[EventDate "2015.10.12"]
[EventType "swiss"]
[EventRounds "5"]
[EventCountry "COL"]
[SourceTitle "EXT 2024"]
[Source "ChessBase"]
[SourceDate "2023.10.10"]
[SourceVersion "1"]
[SourceVersionDate "2023.10.10"]
[SourceQuality "1"]

1. e4 c6 2. d4 d5 3. exd5 cxd5 4. c4 Nf6 5. Nc3 e6 6. Nf3 Nc6 7. c5 a6 8. Bf4 b6 9. b4 Bb7 10. a3 Rc8 11. Bd3 Be7 12. 0-0 h6 13. Bg3 0-0 14. Na4 Nd7 15. Re1 b5 16. Nb2 Bf6 17. Bc2 Be7 18. Nd3 Nf6 19. Nde5 a5 20. Qd3 axb4 21. Nxc6 Bxc6 22. axb4 Ne4 23. Ne5 Nf6 24. Nxc6 Rxc6 25. Qxb5 Qd7 26. Ba4 Rfc8 27. Qd3 Qb7 28. Bxc6 Qxc6 29. b5 Qb7 30. Ra6 Bxc5 31. dxc5 Rxc5 32. Rea1 g6 33. h3 Rxb5 34. Be5 Kg7 35. Qd4 Rb1+ 36. Rxb1 Qxb1+ 37. Kh2 Qf5 38. Ra3 Qg5 39. Rf3 Kh7 40. Bxf6 Qh5 41. Bh8 e5 42. Qxe5 Qxe5+ 43. Bxe5 Kg8 44. Bf6 Kf8 45. Re3 g5 46. Kg3 Kg8 47. Kg4 d4 48. Re8+ Kh7 49. Kh5 d3 50. Rh8# 1-0